Ciudades más grandes en Italia - Estadísticas

Estadísticas generales
  • Esta prueba ha sido intentada 8.520 veces
  • La puntuación promedio es 11 de 20
Estadísticas de respuestas
Población Ciudad % Correcto
2 754 719 Roma
100%
1 371 850 Milán
97%
911 697 Nápoles
94%
250 369 Venecia
91%
363 837 Florencia
88%
846 926 Turín
85%
628 894 Palermo
73%
561 947 Génova
65%
390 518 Bolonia
57%
255 643 Verona
54%
316 212 Bari
52%
298 209 Catania
39%
198 496 Parma
39%
199 400 Trieste
32%
207 301 Padua
28%
185 009 Módena
25%
217 895 Mesina
20%
198 688 Brescia
19%
186 798 Tarento
15%
198 034 Prato
8%
No se encontraron pruebas coincidentes
Distribución de puntuación
Porcentaje de gente con cada puntuación
Porcentaje por número respondido
Historial de tus puntuaciones
No has intentado esta prueba.